000 02194cam a22003733a 4500
005 20260322212004.0
008 data
010 _a 2017210715
020 _a9781455524181
_q(paperback)
020 _a1455524182
_q(paperback)
040 _aYDXCP
_beng
_cYDXCP
_dDLC
_dOCLCQ
_dBTCTA
_dTDS
_dOCLCO
_dOCLCF
_dOCLCO
_dOCLCQ
_dINR
_dGKJ
_dAZZPT
_dJHWCP
_dDLC
042 _alccopycat
050 0 0 _aCPB Box no. 3969 vol. 15
099 _aCONNE M
100 1 _aConnelly, Michael.
245 1 4 _aThe burning room :
_ba novel /
_cMichael Connelly & Copyright Paperback Collection (Library of Congress).
250 _aFirst oversize mass market edition.
264 1 _aNew York, NY :
_bVision,
_c2014.
300 _a501 p. ;
_c19 cm.
490 0 _aA Bosch novel
500 _aIncludes excerpt from The Crossing.
520 _a"In the LAPD's Open-Unsolved Unit, not many murder victims die a decade after the crime. So when a man succumbs to complications from being shot by a stray bullet ten years earlier, Bosch catches a case in which the body is still fresh, but any other clues are virtually nonexistent. Now Bosch and his new partner, Detective Lucia Soto, are tasked with solving a murder that turns out to be highly charged and politically sensitive. Beginning with the bullet that has been lodged for years in the victim's spine, they must pull new leads from years-old evidence, and these soon reveal that the shooting was anything but random. When their work starts to threaten careers and lives, Bosch and Soto must decide whether it's worth risking everything to find the truth, or if it's safer to let some secrets stay buried."--Page [4] cover.
650 0 _aCold cases (Criminal investigation)
_vFiction.
650 0 _aMurder
_xInvestigation
_vFiction.
650 0 _aPolice
_zLos Angeles
_zLos Angeles
_vFiction.
650 0 _aLos Angeles (Calif.)
_vFiction.
650 0 _aCold cases (Criminal investigation)
_vFiction.
650 0 _aMurder
_xInvestigation
_vFiction.
650 0 _aPolice
_zLos Angeles
_zLos Angeles
_xFiction.
651 0 _aLos Angeles (Calif)
_xFiction.
655 7 _aMystery fiction.
_2gsafd
710 2 _aCopyright Paperback Collection (Library of Congress)
_5DLC
001 data
999 _c55
_d55